[Event "DSOL 07 Liga Gr-D 1st"]
[Site "Playchess.com INT"]
[Date "2020.08.11"]
[Round "2.4"]
[White "Reyher, Bastian"]
[Black "Masalsky, Boris"]
[Result "1-0"]
[WhiteElo "1225"]
[BlackElo "1410"]
[PlyCount "31"]
[EventDate "2020.06.22"]
[EventType "team-tourn (rapid)"]
[EventCountry "GER"]
[SourceTitle "EXT 2021"]
[Source "ChessBase"]
[SourceDate "2020.10.23"]
[SourceVersion "1"]
[SourceVersionDate "2020.10.23"]
[SourceQuality "1"]
[WhiteTeam "Barnim"]
[BlackTeam "Paderborn Blauer Springer III"]
[WhiteTeamCountry "GER"]
[BlackTeamCountry "GER"]

1. e4 e5 2. Bc4 Nf6 3. d3 Nc6 4. Be3 d6 5. Nc3 Be7 6. Nge2 0-0 7. 0-0 a6 8. Ng3 b5 9. Bd5 Nxd5 10. Nxd5 Be6 11. a4 bxa4 12. c3 f5 13. Nxf5 Bxf5 14. exf5 Rxf5 15. Qxa4 Nb8 16. Qe4 1-0

[Event "Solingen Karneval op"]
[Site "Solingen"]
[Date "2013.02.08"]
[Round "1"]
[White "Englert, Fabian"]
[Black "Masalsky, Boris"]
[Result "1-0"]
[WhiteElo "2201"]
[BlackElo "1702"]
[PlyCount "55"]
[EventDate "2013.02.08"]
[EventType "swiss"]
[EventRounds "5"]
[EventCountry "GER"]
[SourceTitle "EXT 2015"]
[Source "ChessBase"]
[SourceDate "2014.11.20"]
[SourceVersion "1"]
[SourceVersionDate "2014.11.20"]
[SourceQuality "1"]

1. g3 d5 2. Nf3 Nc6 3. c4 dxc4 4. Bg2 Nf6 5. 0-0 e5 6. Qa4 Bd6 7. Na3 0-0 8. Nxc4 Bd7 9. Nxd6 cxd6 10. Qa3 e4 11. Ng5 d5 12. d3 h6 13. dxe4 hxg5 14. exd5 Nd4 15. Qd3 Nb5 16. Bxg5 Qb6 17. e4 Rfe8 18. Be3 Qd8 19. Bg5 Qb6 20. h3 Rad8 21. Be3 Qa6 22. Rfe1 Nd6 23. Qxa6 bxa6 24. Bg5 Rb8 25. Bf4 Nxd5 26. exd5 Rb6 27. Rxe8+ Nxe8 28. b3 1-0

[Event "Kaiserbrunnen Winter op"]
[Site "Brakel"]
[Date "2013.01.21"]
[Round "4"]
[White "Berendes, Juergen"]
[Black "Masalsky, Boris"]
[Result "1/2-1/2"]
[WhiteElo "1397"]
[BlackElo "1736"]
[PlyCount "62"]
[EventDate "2013.01.21"]
[EventType "swiss"]
[EventRounds "5"]
[EventCountry "GER"]
[SourceTitle "EXT 2023"]
[Source "ChessBase"]
[SourceDate "2022.10.05"]
[SourceVersion "1"]
[SourceVersionDate "2022.10.05"]
[SourceQuality "1"]

1. e4 c5 2. c4 Nc6 3. Nf3 d6 4. Nc3 e6 5. d3 Nf6 6. Be2 Be7 7. 0-0 0-0 8. Bd2 a6 9. a3 Rb8 10. Qc1 b6 11. Bd1 Bb7 12. Re1 Nd7 13. Bf4 Ra8 14. Rb1 Nd4 15. b4 e5 16. Bd2 Rb8 17. Nxd4 cxd4 18. Ne2 Rc8 19. Qb2 b5 20. cxb5 axb5 21. Ng3 d5 22. Bf3 dxe4 23. Bxe4 Bxe4 24. Nxe4 f6 25. Rbc1 Qb6 26. Qb3+ Kh8 27. Qd5 Nb8 28. Ng3 Rfe8 29. Nf5 Bf8 30. f4 Rcd8 31. Qf7 Qe6 1/2-1/2

[Event "Kaiserbrunnen Winter op"]
[Site "Brakel"]
[Date "2013.01.21"]
[Round "2"]
[White "Wuestehube, Harry"]
[Black "Masalsky, Boris"]
[Result "1-0"]
[WhiteElo "1912"]
[BlackElo "1736"]
[PlyCount "59"]
[EventDate "2013.01.21"]
[EventType "swiss"]
[EventRounds "5"]
[EventCountry "GER"]
[SourceTitle "EXT 2023"]
[Source "ChessBase"]
[SourceDate "2022.10.05"]
[SourceVersion "1"]
[SourceVersionDate "2022.10.05"]
[SourceQuality "1"]

1. e4 c5 2. Nc3 Nc6 3. f4 d6 4. Nf3 Nf6 5. Bb5 a6 6. Bxc6+ bxc6 7. d3 e6 8. 0-0 Be7 9. Qe1 0-0 10. e5 Nd5 11. Ne4 Nb4 12. Qe2 d5 13. Ng3 a5 14. c3 Na6 15. c4 d4 16. b3 Bb7 17. Ne4 Nc7 18. a4 Rb8 19. Nfd2 Na6 20. Ba3 Bc8 21. Rab1 Qd7 22. g4 Re8 23. g5 Qd8 24. Rf3 Rb7 25. Rh3 g6 26. Nf6+ Bxf6 27. gxf6 Rd7 28. Ne4 Qb6 29. Kh1 h5 30. Rxh5 1-0

[Event "Cologne Longerich op 8th"]
[Site "Cologne"]
[Date "2011.08.12"]
[Round "1"]
[White "Halle, Matthias"]
[Black "Masalsky, Boris"]
[Result "0-1"]
[WhiteElo "960"]
[BlackElo "1477"]
[PlyCount "76"]
[EventDate "2011.08.12"]
[EventType "swiss"]
[EventRounds "5"]
[EventCountry "GER"]
[SourceTitle "CBM 144 Extra"]
[Source "ChessBase"]
[SourceDate "2011.10.28"]
[SourceVersion "1"]
[SourceVersionDate "2011.10.28"]
[SourceQuality "1"]

1. e4 c5 2. Nf3 Nc6 3. Bc4 d6 4. d4 cxd4 5. Nxd4 g6 6. Be3 Bg7 7. c3 Nf6 8. f3 0-0 9. 0-0 Bd7 10. Qd2 Ne5 11. Bb3 a6 12. Bh6 Rc8 13. Na3 Qb6 14. Be3 Qd8 15. Bh6 Nc6 16. Nac2 Na5 17. Bxg7 Nxb3 18. Nxb3 Kxg7 19. Ne3 Kg8 20. Nd4 Qb6 21. Kh1 Rfd8 22. b4 Ba4 23. Ng4 Nxg4 24. fxg4 Qc7 25. Rac1 Qd7 26. h3 Rc4 27. Qf4 e5 28. Qh6 exd4 29. cxd4 Rxd4 30. Rf4 Qe8 31. Rcf1 Rd7 32. h4 Qf8 33. Qg5 Bb5 34. R1f2 h6 35. Qf6 Qg7 36. Qxg7+ Kxg7 37. h5 g5 38. Rf5 Rxe4 0-1

[Event "Lippe Cup 06th"]
[Site "Lieme"]
[Date "2009.10.17"]
[Round "3"]
[White "Masalsky, Boris"]
[Black "Lotze, Andreas"]
[Result "1/2-1/2"]
[WhiteElo "1378"]
[BlackElo "1584"]
[PlyCount "51"]
[EventDate "2009.10.16"]
[EventType "swiss"]
[EventRounds "5"]
[EventCountry "GER"]
[SourceTitle "EXT 2013"]
[Source "ChessBase"]
[SourceDate "2012.11.22"]
[SourceVersion "1"]
[SourceVersionDate "2012.11.22"]
[SourceQuality "1"]

1. e4 c6 2. Nc3 d5 3. d4 dxe4 4. Nxe4 Nf6 5. Nxf6+ gxf6 6. Nf3 Bf5 7. g3 e6 8. Bg2 Bd6 9. Be3 Be4 10. Qe2 Nd7 11. Bf4 Bxf4 12. Qxe4 Qa5+ 13. c3 Bd6 14. Nd2 Qg5 15. Nf3 Qg6 16. Qxg6 hxg6 17. 0-0-0 0-0-0 18. h4 Be7 19. b4 Nb6 20. Kc2 f5 21. Ne5 Rdf8 22. f4 Nd7 23. Nxd7 Kxd7 24. Kb3 Kc7 25. a4 a6 26. Bf3 1/2-1/2